Skip to content
VuFind
All Fields
Title
Author
Subject
Call Number
ISBN/ISSN
Tag
Find
Advanced
Akmal dan Tito
Cite this
Print
Export Record
Export to RefWorks
Export to EndNoteWeb
Export to EndNote
Export to MARC
Akmal dan Tito
Bibliographic Details
Format:
Book
Holdings
Description
Similar Items
Staff View
MARC
LEADER
00000cam a2200000 7i4500
001
0000007095
002
000007636
005
20070110.0
020
|a
9836223606
090
0
0
|a
JF
|b
PRO
245
1
0
|a
Akmal dan Tito
999
|a
025746
|b
BUKU
|c
PINJAMAN
|e
PERPUSTAKAAN KOMUNITI PETALING JAYA
Similar Items
Akmal usahawan
by: Nurliana Amira
Published: (2014)
Akmal tak ponteng lagi
by: Najib A. H
Published: (2009)
Dan can!
by: Powell, Marie
Published: (2017)
DETECTIVE DAN
by: French, Vivian
Published: (2020)
Kuda dan rusa dan cerita-cerita lain
Published: (2007)